All Marvel Movies By Date - Statistics

General Stats
  • This quiz has been taken 55 times
    41 since last reset
  • The average score is 18 of 22
Answer Stats
Date of Release Movie % Correct
May 1, 2015 Avengers: Age of Ultron
94%
May 4, 2012 Marvel's The Avengers
94%
May 2, 2008 Iron Man
92%
June 13, 2008 The Incredible Hulk
92%
April 27, 2018 Avengers: Infinity War
89%
May 7, 2010 Iron Man 2
89%
May 3, 2013 Iron Man 3
89%
October 17, 2017 Spider-Man: Homecoming
89%
May 6, 2016 Captain America: Civil War
86%
April 4, 2014 Captain America: The Winter Soldier
86%
July 17, 2015 Ant-Man
83%
April 22, 2019 Avenger's: Endgame
83%
July 22, 2011 Captain America: The First Avenger
83%
May 6, 2011 Thor
83%
November 8, 2013 Thor: The Dark World
83%
November 4, 2016 Doctor Strange
78%
August 1, 2014 Guardians of the Galaxy
78%
November 3, 2017 Thor: Ragnarok
78%
July 6, 2018 Ant-Man and The Wasp
75%
February 16, 2018 Black Panther
75%
March 8, 2019 Captain Marvel
75%
August 8, 2017 Guardians of the Galaxy Vol. 2
72%
No matching quizzes found
Score Distribution
Percent of People with Each Score
Percentile by Number Answered
Your Score History
You have not taken this quiz since the last reset